Project management in construction / (Record no. 8343)
[ view plain ]
| 000 -LEADER | |
|---|---|
| fixed length control field | 01007cac a22002895a 4500 |
| 005 - DATE AND TIME OF LATEST TRANSACTION | |
| control field | 20150816115940.0 |
| 008 - FIXED-LENGTH DATA ELEMENTS--GENERAL INFORMATION | |
| fixed length control field | 130320b xxu||||| |||| 00| 0 eng d |
| 010 ## - LIBRARY OF CONGRESS CONTROL NUMBER | |
| LC control number | 2007006952 |
| 020 ## - INTERNATIONAL STANDARD BOOK NUMBER | |
| International Standard Book Number | 1405158247 (pbk. : alk. paper) |
| 020 ## - INTERNATIONAL STANDARD BOOK NUMBER | |
| International Standard Book Number | 9781405158244 (pbk. : alk. paper) |
| 040 ## - CATALOGING SOURCE | |
| Original cataloging agency | EG-ScBUE |
| Language of cataloging | eng |
| Transcribing agency | EG-ScBUE |
| 082 04 - DEWEY DECIMAL CLASSIFICATION NUMBER | |
| Classification number | 624.0684 |
| Item number | WAL |
| Edition number | 22 |
| 100 1# - MAIN ENTRY--PERSONAL NAME | |
| Personal name | Walker, Anthony, |
| 9 (RLIN) | 32904 |
| 245 10 - TITLE STATEMENT | |
| Title | Project management in construction / |
| Statement of responsibility, etc | Anthony Walker. |
| 250 ## - EDITION STATEMENT | |
| Edition statement | 5th ed. |
| 260 ## - PUBLICATION, DISTRIBUTION, ETC. (IMPRINT) | |
| Place of publication, distribution, etc | Oxford ; |
| -- | Malden : |
| Name of publisher, distributor, etc | Blackwell Publishing, |
| Date of publication, distribution, etc | 2007. |
| 300 ## - PHYSICAL DESCRIPTION | |
| Extent | x, 315 p. |
| Other physical details | ill.; |
| Dimensions | 24 cm. |
| 500 ## - GENERAL NOTE | |
| General note | Index : p. 311-315. |
| 504 ## - BIBLIOGRAPHY, ETC. NOTE | |
| Bibliography, etc | Bibliography : p. 296-310. |
| 590 ## - LOCAL NOTE (RLIN) | |
| Local note | Doha Ragab |
| 650 #0 - SUBJECT ADDED ENTRY--TOPICAL TERM | |
| Topical term or geographic name as entry element | Construction industry. |
| General subdivision | Management. |
| 9 (RLIN) | 32905 |
| Source of heading or term | BUEsh |
| 650 #0 - SUBJECT ADDED ENTRY--TOPICAL TERM | |
| Topical term or geographic name as entry element | Project management. |
| 9 (RLIN) | 32906 |
| Source of heading or term | BUEsh |
| 651 ## - SUBJECT ADDED ENTRY--GEOGRAPHIC NAME | |
| Source of heading or term | BUEsh |
| 653 ## - INDEX TERM--UNCONTROLLED | |
| Arrived date list | March2013 |
| Resource For college | BAEPS, Business Administration |
| -- | Engineering, General |
| 856 41 - ELECTRONIC LOCATION AND ACCESS | |
| Materials specified | Table of contents only |
| Uniform Resource Identifier | <a href="http://www.loc.gov/catdir/toc/ecip0711/2007006952.html">http://www.loc.gov/catdir/toc/ecip0711/2007006952.html</a> |
| 942 ## - ADDED ENTRY ELEMENTS (KOHA) | |
| Item type | Book - Borrowing |
| Call number prefix | 624.0684 WAL |
| Source of classification or shelving scheme | Dewey Decimal Classification |
| Withdrawn status | Item status | Source of classification or shelving scheme | Damaged status | Not for loan | Home library | Current library | Shelving location | Date acquired | Source of acquisition | Total Checkouts | Full call number | Barcode | Date last seen | Date last borrowed | Koha item type | Vendor | Total Renewals |
|---|---|---|---|---|---|---|---|---|---|---|---|---|---|---|---|---|---|
| Dewey Decimal Classification | Central Library | Central Library | First floor | 04/03/2008 | Purchase | 4 | 624.0684 WAL | 000010139 | 15/07/2025 | 03/11/2011 | Book - Borrowing | ||||||
| Dewey Decimal Classification | Central Library | Central Library | First floor | 20/03/2013 | 1 | 624.0684 WAL | 000028551 | 15/07/2025 | 21/11/2021 | Book - Borrowing | Baccah | ||||||
| Dewey Decimal Classification | Central Library | Central Library | First floor | 20/03/2013 | 1 | 624.0684 WAL | 000028552 | 15/07/2025 | 28/09/2014 | Book - Borrowing | Baccah | 2 |